| 000 | 00673nam a2200217Ia 4500 | ||
|---|---|---|---|
| 001 | 13717 | ||
| 003 | GE_BSU | ||
| 008 | 181216s||||||||xx |||||||||||||| ||und|| | ||
| 040 | _cGE_BSU | ||
| 080 | _a624.15 | ||
| 100 | _aЦытович,Н.А. Березанцев,В.Г. и др. | ||
| 245 | _aОснования и фундаменты: краткий курс. | ||
| 245 | _bУчебник для строит. вузов. | ||
| 245 | _cРед. Н.Н.Бородина. | ||
| 260 | _aМ. | ||
| 260 | _bВысшая школа. | ||
| 260 | _c1970. | ||
| 300 | _a384 стр. 22 см. с илл. | ||
| 653 | _aОснования и фундаменты. | ||
| 942 | _cBK | ||
| 999 |
_c46865 _d46865 |
||